Capitanias do Brasil em 1534 - Statistics

Estatísticas Gerais
  • Esse quiz foi jogado 1 216 vezes
  • A pontuação média é 6 de 14
Respostas no mapa
Respostas codificadas por cores de uma escala verde-vermelha no mapa do quiz de acordo com a % correta abaixo.
 
Estatísticas das Respostas
Capitania % Correto
Baía de Todos os Santos
79%
Pernambuco
79%
São Vicente
71%
Maranhão 1
63%
Maranhão 2
63%
Rio Grande
51%
Ceará
49%
Espírito Santo
47%
Ilhéus
31%
Porto Seguro
31%
Itamaracá
21%
Santana
18%
São Tomé
18%
Santo Amaro
17%
Nenhum quiz correspondente encontrado
Distribuição das Pontuações
Porcentagem de Pessoas com Cada Pontuação
Percentil de Números Respondidos
Sua Pontuação Histórica
Você não jogou esse quiz